000 00524nam a22001937a 4500
003 OSt
005 20160426165821.0
008 160426b xxu||||| |||| 00| 0 eng d
020 _a082644976x
040 _cDDC.
082 _a371MED 2001.
100 _aEdited by,Erricker,Clive;Erricker ,Jane;
_98322
245 _aMeditation in Schools.
_bCalmer Classrooms.
260 _aNew York.
_bContinuum.
_c2001.
300 _ax,156p;
_bill;
_c25cm.
504 _aincludes index.
650 _aEducation.
_91404
942 _2ddc
_cSLOAN
999 _c3781
_d3781